| 000 -LEADER |
| fixed length control field |
02158nam a2200181 4500 |
| 003 - CONTROL NUMBER IDENTIFIER |
| control field |
FT9064 |
| 005 - DATE AND TIME OF LATEST TRANSACTION |
| control field |
20260223164759.0 |
| 050 ## - LIBRARY OF CONGRESS CALL NUMBER |
| Classification number |
TX945 G37 2023 |
| 100 1# - MAIN ENTRY--PERSONAL NAME |
| Personal name |
Garcia, Lance Marco C.; Gumabon, Kyla Gaile; Mariquit, Margaret N.; Paredes, Ethan Jeremy M.; Samson, Loubert B. |
| 245 ## - TITLE STATEMENT |
| Title |
Jollibots: |
| Remainder of title |
an opportunity or threat to Jollibee employees in selected branches in Metro Manila / |
| Statement of responsibility, etc. |
Lance Marco C. Garcia. |
| 264 #0 - PRODUCTION, PUBLICATION, DISTRIBUTION, MANUFACTURE, AND COPYRIGHT NOTICE |
| Place of production, publication, distribution, manufacture |
Manila : |
| Name of producer, publisher, distributor, manufacturer |
Pamantasan ng Lungsod ng Maynila, |
| Date of production, publication, distribution, manufacture, or copyright notice |
2023. |
| 300 ## - PHYSICAL DESCRIPTION |
| Other physical details |
Undergraduate Thesis: (Bachelor of Science in Hospitality Management), 2023 |
| 336 ## - CONTENT TYPE |
| Content type term |
text |
| Content type code |
text |
| 337 ## - MEDIA TYPE |
| Media type term |
unmediated |
| Media type code |
unmediated |
| 338 ## - CARRIER TYPE |
| Carrier type term |
volume |
| Carrier type code |
volume |
| 500 ## - GENERAL NOTE |
| General note |
ABSTRACT:<br/> Fast food establishment in The Philippines, in particular, are beginning to adopt artificial intelligence in the food and beverage sector. Artificial Intelligence can lower employment rates for blue, white, and even pink-collar occupations, according to several research. However, studies have also demonstrated that artificial intelligence may assist employees in producing work of a better standard. The purpose of this study is to discover whether there are any noticeable differences in how Jollibee employees perceive the potential opportunities and threats of Jollibots to their morale/ well-being and productivity.<br/> In order to compile the responses to the survey questionnaire’s essential research questions, a quantitative research approach was used. A total of 115 Jollibee employees were randomly selected from each of the four SM Aura – Bonifacio Global City, Glorietta by Ayala Malls, West Zamora Pandacan, and Baesa Quezon City branches. One hundred percent of people responded.<br/> Analysis of the data revealed that there is a substantial gap between how Jollibee employees view the opportunity and threat that Jollibots offer to their morale, well-being, and productivity. It demonstrates that the opportunistic perceptions of Jollibee employees about the Jollibots vastly exceed the threats. The researchers advise the hospitality sector to carry out more study on artificial intelligence in order to raise awareness.<br/><br/><br/><br/> |
| 942 ## - ADDED ENTRY ELEMENTS |
| Source of classification or shelving scheme |
|
| Item type |
Thesis |